Poisťovacia spoločnosť ERGO, a.s.

Od 9.6.1992 pôsobí v SR poisťovacia spoločnosť ERGO. Svoje služby špecializuje na netypické druhy poistenia - na poistenie pre prípad právnej pomoci právnickým osobám. Služby bude tiež poskytovať aj fyzickým osobám pre potreby daňového a finančného poradenstva.

Saved in:
Bibliographic Details
Format: Book Chapter
Language:Czech
Subjects:
Tags: Add Tag
No Tags, Be the first to tag this record!

MARC

LEADER 00000naa a2200000 4500
001 r012686
005 20220826093855.8
041 0 |a cze 
044 |a CZ 
245 1 0 |a Poisťovacia spoločnosť ERGO, a.s. 
520 |a Od 9.6.1992 pôsobí v SR poisťovacia spoločnosť ERGO. Svoje služby špecializuje na netypické druhy poistenia - na poistenie pre prípad právnej pomoci právnickým osobám. Služby bude tiež poskytovať aj fyzickým osobám pre potreby daňového a finančného poradenstva. 
610 2 0 |a poisťovne 
610 2 0 |a Slovensko 
610 2 0 |a ERGO, a.s. 
610 2 0 |a poradenstvo 
610 2 0 |a právo 
610 2 0 |a dane 
610 2 0 |a financie